00488 2200181 4500001002100000005001700021035002400038040001200062082001900074245003200093260003100125300005500156650003500211850001200246990001600258990001600274990001600290YOGYA00000000010108920161116105404.0 0010-011400000000291 aYOPDYOG 2[22]a915.9823 aPANTAI Sundakb: Travelling aYogyakartabYogya TVc2013 a1 CD (27.35 menit)b: digital, stereoc; 43 3/4 in aIndustri pariwisata-Yogyakarta aYOPDYOG a2148/B.2014 a2149/B.2014 a2150/B.2014